[Event "Elista ol (Men)"]
[Site "Elista"]
[Date "1998.10.07"]
[Round "9"]
[White "Pelletier, Yannick"]
[Black "Oll, Lembit"]
[Result "0-1"]
[WhiteElo "2525"]
[BlackElo "2650"]
[Annotator "Tsesarsky"]
[PlyCount "62"]
[EventDate "1998.09.29"]
[EventType "swiss ()"]
[EventRounds "13"]
[EventCountry "RUS"]
[Source "ChessBase"]
[SourceDate "1998.11.06"]
[WhiteTeamCountry "EST"]
[BlackTeamCountry "CZE"]

1. Nf3 d5 2. d4 Nf6 3. c4 e6 4. Nc3 Nbd7 5. Bg5 c6 6. e3 Qa5 7. cxd5 Nxd5 8.
Qd2 Bb4 9. Rc1 h6 10. Bh4 c5 (10... O-O 11. Bc4 (11. e4 Nxc3 12. bxc3 Ba3 13.
Rb1 e5 14. d5 $2 (14. Bd3 $1 exd4 15. cxd4 Qxd2+ 16. Kxd2 Nb6 17. Rb3 Bd6 18.
Bg3 Rd8 19. Bxd6 Rxd6 20. Rc1 (20. Ke3 Be6 21. Ra3 f5 22. exf5 (22. e5 Rdd8 23.
h4 Kf7 $132) 22... Bxf5 $15) 20... Bg4 21. Ne5 Be6 22. Rb4 Rad8 23. Ke3 f6 24.
Nf3 Bxa2 25. Ra1 Bf7 26. Rxa7 c5 27. Rb1 cxd4+ 28. Kd2 $14) 14... Nc5 15. Qc2 (
15. c4 Qa4 16. Be2 Nxe4 $19 {0-1 O'Connell,G-Gillen,A/Ireland Senior 1992 (39)}
) 15... cxd5 16. exd5 Bd7 17. Nd2 Ba4 18. Nb3 Nxb3 19. axb3 Rac8 20. bxa4 Rxc3
21. Qd2 Bc1 $1 $19) (11. Bd3 Re8 (11... e5 12. O-O (12. Nxe5 Nxe5 13. dxe5 Nxc3
14. bxc3 Ba3 15. Rb1 Qxe5 16. O-O $11) 12... Re8 (12... exd4 13. exd4 Re8 14.
Rfe1 Rxe1+ 15. Qxe1 Nf8 16. Qe8 Nb6 17. a3 Bxc3 18. Rxc3 Bf5 19. Qe5 Qxe5 20.
dxe5 Bxd3 21. Rxd3 $11) 13. Qc2 (13. e4 Nf4 14. Bc4 Ng6 $15) 13... exd4 14.
Nxd5 (14. exd4 N7b6 (14... Nf4 $2 15. Bh7+ Kh8 16. Rfe1 Rxe1+ 17. Rxe1 g6 18.
Qe4 Nh3+ 19. gxh3 Kxh7 20. Qf4 Kg7 (20... f5 21. Qe3 Kg7 (21... Nf8 22. Qe8 $18
) 22. Qe8 g5 23. Bxg5 hxg5 24. Nxg5 Nf8 25. Qf7+ Kh6 26. Qg8 $18) 21. Ne5 $18)
15. Ne5 Be6 16. Bh7+ Kh8 17. Bf5 Kg8 18. Bh7+ (18. Bxe6 Rxe6 19. Qf5 Nf6 (19...
Rf8 20. Nxf7 Ree8 21. Nxh6+ gxh6 22. Qg6+ Kh8 23. Qxh6+ Kg8 24. Qg6+ Kh8 25. a3
$1 Nxc3 (25... Bxc3 26. Qh5+ Kg7 27. Rxc3 $18) 26. Bf6+ Rxf6 27. Qxf6+ Kg8 28.
Qg6+ Kf8 29. axb4 Ne2+ 30. Kh1 Qxb4 31. Qf6+ Kg8 32. Rc5 $18) 20. a3 (20. Ne4
Be7 21. Nc5 Bxc5 22. dxc5 Rae8 23. cxb6 (23. Nf3 Nbd5 24. a3 Ne4 25. Nd4 Re5
26. Qg4 g5 27. Bg3 Nxg3 28. Qxg3 Nf4 $19) 23... Rxe5 24. Qf3 Ne4 25. Rfd1 Qxb6
$19) 20... Bxc3 21. Rxc3 Nbd5 22. Rg3 Qd2 23. Bxf6 Nxf6 $15) 18... Kh8 19. Bf5
$11) 14... Qxd5 15. Nxd4 (15. exd4 Nb6 16. a3 (16. Bg3 $2 Qxa2 17. Ne5 Be6 18.
f4 Qb3 (18... Qd5 19. Kh1 f6 20. f5 Bf7 $17) (18... f6 $17) 19. f5 Bd5 20. f6
Qxc2 21. Rxc2 g5 $17 (21... Bd6 22. fxg7 Bxe5 23. Bxe5 Nd7 24. Bf4 Kxg7 $15 {
1-0 Shirov,A-Piket,J/Aruba (m/6) 1995/[Piket,Je] (41)})) 16... Bd6 $11) (15. a3
Bc5 16. Rfd1 Bb6 17. Nxd4 Nc5 18. Bh7+ Kh8 19. Nf5 Bxf5 20. Bxf5 Qb3 21. Qxb3
Nxb3 22. Rc4 g5 23. Bg3 Rad8 24. Rxd8 Rxd8 25. h4 Kg7 26. Rc3 Kf6 27. Bh7 Nd2
$132) 15... Bc5 16. Rfd1 Bxd4 17. Bc4 Qh5 18. Rxd4 Ne5 19. Bf1 $14) (11... c5
12. a3 cxd4 (12... Bxc3 13. bxc3 b6 (13... Qxa3 14. O-O $44) 14. e4 N5f6 15. e5
Nd5 16. Be4 c4 (16... cxd4 17. c4 (17. cxd4 Qxa3 $17) 17... Nc5 18. Qxa5 bxa5
19. cxd5 Nxe4 20. Be7 Re8 21. d6 d3 22. Nd2 Bb7 23. Nxe4 Bxe4 24. f3 Bg6 25. d7
Reb8 26. Kd2 $18) (16... Rb8 17. c4 Nf4 18. Be7 (18. Qxa5 bxa5 19. Bg3 (19. Kf1
Bb7 20. Bxb7 Rxb7 21. Bg3 Nd3 22. Rd1 Nb2 23. Rc1 Rc8 24. d5 Nb6 $17) 19... Bb7
20. Bxf4 Bxe4 $15) 18... Bb7 19. Qxa5 bxa5 20. Bxb7 Rfe8 21. Be4 Rxe7 22. g3
Ng6 23. Ke2 cxd4 24. Bxg6 fxg6 $132) 17. Be7 $14) 13. axb4 dxc3 14. bxc3 Qb6 (
14... Qc7 15. c4 $14) 15. e4 (15. O-O a5 16. e4 (16. Ra1 Qc7 17. c4 (17. e4 Nf4
18. Bg3 e5 19. Nxe5 Nh3+ 20. gxh3 Nxe5 $44) 17... Nxb4 18. Be7 Nc5 19. Bh7+
Kxh7 20. Bxf8 $16) 16... N5f6 17. Ra1 Qc7 (17... a4) 18. c4 b6 19. e5 $1 Ng4 (
19... Nxe5 $4 $18 20. Nxe5 Qxe5 21. Rfe1 Qh5 22. Bxf6 gxf6 23. Be4 Rb8 (23...
Ra7 24. Ra3 f5 25. Rh3 $18) 24. Ra3 $18 {
1-0 Greenfeld,A-Huzman,A/Haifa 1996/CBM 54/[Greenfeld] (26)}) 20. Be7 Ndxe5 (
20... Re8 21. Bd6 $18) 21. Nxe5 Qxe5 22. Bd6 $3 Qh5 23. h3 Ne5 24. Bxf8 Bb7 25.
Be2 Qg6 26. f3 Rxf8 27. bxa5 bxa5 28. Qb2 $18) 15... Nc7 16. Ra1 $14) 12. a3
Bxc3 13. bxc3 Qxa3 14. O-O e5 15. Nxe5 (15. dxe5 Qc5 16. Bg3 $132) 15... Nxe5
16. dxe5 Qc5 (16... Rxe5 $6 17. e4 Nb6 18. f4 $36 Re8 19. f5 Qd6 20. Rcd1 (20.
f6 Nc4 $19) 20... Na4 21. Qc2 (21. f6 Bg4 22. fxg7 Bxd1 23. Rf6 Qc5+ 24. Bf2
Qg5 $19) 21... Nc5 22. Bc4 Qf8 23. e5 b5 (23... Rxe5 24. Rd8 (24. Bg3 Re4 25.
Bd6 Qe8 26. Bxc5 Rxc4 27. Rfe1 Qxe1+ 28. Rxe1 Rxc5 29. Re8+ (29. g4 a5 30. Re8+
Kh7 31. Qe4 f6 32. Qe7 (32. Rd8 Bxf5 $19) (32. Qe1 a4 33. Qh4 Re5 34. Rxe5 (34.
Rd8 Rea5 35. Qh5 Bxf5 36. Rxa8 Rxa8 37. Qxf5+ Kh8 38. Qd7 $18) 34... fxe5 35.
Qe7 Kg8 36. Qe8+ Kh7 37. Qg6+ Kh8 38. f6 gxf6 39. Qxh6+ Kg8 40. Qg6+ Kf8 41.
Qxf6+ Kg8 42. g5 $18) 32... Re5 33. Qf8 Rxe8 34. Qxe8 a4 35. Qg6+ Kg8 36. Qe8+
$11) 29... Kh7 30. f6+ Bf5 31. Qf2 Rxe8 32. Qxc5 Be6 33. Qxa7 b5 34. fxg7 Kxg7
$11) 24... Re8 25. Rxe8 Qxe8 26. Re1 Qf8 27. Re7 $16) 24. Ba2 Rxe5 25. Bg3 Re7
26. f6 $16) 17. Kh1 Be6 (17... Rxe5 18. e4 Rh5 (18... Nb6 19. f4 $16) 19. Bg3
Nf6 20. Rce1 $44) 18. e4 Nb6 19. f4 Bc4 20. Rf3 Bxd3 21. Rxd3 Qc4 22. Re1 $132
{1-0 Shirov,A-Piket,J/Amsterdam Donner 1995 (36)}) 11... Nxc3 12. bxc3 Ba3 13.
Rb1 e5 14. Bg3 exd4 15. cxd4 Qxd2+ 16. Nxd2 Nb6 17. Bb3 Bf5 18. e4 Rae8 19. f3
Bc8 20. Ke2 Kh8 (20... Rd8 21. Bb8 $1 Rxd4 22. Bxa7 $16) 21. Bc7 Nd5 22. Bxd5
cxd5 23. Kd3 $14 {1-0 Alekhin A-Nimzowitsch A I/Zurich 1934 (51)}) 11. Bd3 (11.
a3 Bxc3 12. bxc3 Qxa3 (12... b6 13. e4 (13. Bd3 Bb7 (13... Ba6 14. c4 Qxd2+ 15.
Nxd2 N5f6 16. Ke2 Ke7 $132) 14. O-O N5f6 (14... cxd4 15. cxd4 Qxd2 16. Nxd2 $14
) (14... Qxa3 15. e4 N5f6 16. Ra1 Qb3 17. Rfb1 $18) 15. Qe2 O-O 16. Nd2 (16. e4
Rfc8 17. e5 Nd5 18. Qe4 Nf8 19. c4 Nb4 20. axb4 Bxe4 21. bxa5 Bxd3 22. Rfd1 Be2
23. Rd2 Bxf3 24. gxf3 cxd4 25. Rxd4 bxa5 26. Be7 Ng6 27. Bd6 $132) 16... cxd4
17. cxd4 Rac8 (17... Qxa3 $2 18. Rc7 Rab8 19. Nc4 Qc3 (19... Qe7 $2 20. Bxf6
gxf6 21. Qg4+ Kh8 22. Qh4 Kg7 23. Ne5 $18 (23. Rxb7 $18)) 20. Bg3 $6 (20. f3 $1
Rfc8 21. Rxc8+ Rxc8 22. Rb1 Rxc4 $8 23. Bxc4 Nd5 24. Bb5 $16 (24. Bf2 $16))
20... Ba6 (20... Rfc8 21. Rxc8+ Rxc8 22. Nd6 Rb8 23. Nxb7 Rxb7 24. Ba6 $16) 21.
Rxa7 Ra8 22. Rxa8 Rxa8 23. f3 Rc8 24. Ne5 Bxd3 25. Nxd3 Qc2 $11) 18. Nc4 Qa4
19. f3 Ba6 20. Bg3 (20. Qd1 Qxd1 21. Rfxd1 Nd5 22. e4 Nf4 23. Bf1 $16) 20...
Bxc4 21. Bxc4 Qxa3 22. Ra1 Qb4 23. Ba6 $16 {
1-0 Beliavsky,A-Rabiega,R/Graz op 1996/CBM 54/[Beliavsky] (36)}) 13... N5f6 14.
Bd3 Bb7 15. d5 c4 (15... exd5 16. e5 Ne4 (16... Ng4 17. Qf4 g5 18. Qxg4 gxh4
19. e6 fxe6 20. Qxe6+ Kd8 21. Ne5 Nxe5 22. Qf6+ Kc7 23. Qxe5+ Kc6 24. Qf6+ Kc7
25. O-O Rae8 26. Qf4+ $16) 17. Bxe4 dxe4 18. Qd6 g5 19. e6 $1 (19. Nxg5 hxg5
20. Bxg5 f6 21. e6 Ne5 22. Bxf6 Nd3+ 23. Kf1 Rh7 24. Qg3 Kf8 25. Qd6+ Ke8 26.
Qg3 $11) 19... Nf8 20. Nxg5 hxg5 21. Bxg5 f6 22. Bxf6 Rh7 23. Rd1 $18) 16. dxe6
(16. Bb1 exd5 17. e5 Ne4 18. Bxe4 dxe4 19. Qd6 Qc5 $19) 16... cxd3 17. exd7+
Nxd7 18. Qxd3 g5 (18... Nc5 19. Qd6 f6 20. Bxf6 (20. O-O)) 19. Bg3 Nc5 20. Qd6
{1/2-1/2 Kramnik,V-Ivanchuk,V/Novgorod 1995/CBM 48 (20)} (20. Qd6 Nxe4 21. Qc7
(21. Qe5+ Qxe5 22. Bxe5 O-O $15) 21... O-O (21... Nxg3 22. Qxb7 O-O 23. fxg3
Rfe8+ 24. Kf2 $18) 22. Qxb7 Nc5 23. Qd5 (23. Qc6 Nd3+ $44) 23... Rad8 24. Bd6
Rfe8+ 25. Kf1 Qxa3 $44)) 13. e4 N5f6 14. Bd3 Qa5 15. d5 exd5 (15... c4 16. Bxc4
(16. Bb1 O-O 17. dxe6 fxe6 $17) 16... Nxe4 (16... exd5 17. exd5 $1 (17. Bxd5 $2
Nxd5 18. exd5 O-O 19. O-O f6 20. Rfe1 Nb6 21. c4 Qxd2 22. Nxd2 Bf5 23. f3 Rae8
24. Bf2 Rxe1+ 25. Rxe1 Nc8 (25... Rc8 26. Bxb6 axb6 27. Re7 b5 28. cxb5 Rc5 29.
Rxb7 $16) 26. g4 Bd7 $2 (26... Bg6 27. h4 $14 (27. Nb3 Re8 28. Rc1 b6 29. Nd4
$14) (27. c5 $6 Rd8 28. d6 b6 $11)) 27. c5 $1 Rd8 28. Nb1 Be8 (28... Bb5 29.
Nc3 Bc4 30. d6 b6 31. d7 $1) 29. Nc3 $16 {
1-0 Gurevich,M-Cardon,H/Belgique 1994/Inf 60/ (41)}) 17... O-O 18. O-O Nb6 19.
Bxf6 Nxc4 20. Qd4 gxf6 21. Qxc4 $16) 17. Qd4 exd5 18. Qxg7 (18. Bxd5 Nef6 19.
Qe3+ Kf8 20. Bb3 g5 21. Bg3 Kg7 22. O-O Re8 $17) 18... Rf8 19. Qd4 Nb6 20. Bd3
Qa4 21. O-O $132) 16. e5 Ne4 17. Bxe4 dxe4 18. Qd6 g5 19. Nxg5 (19. e6 fxe6 20.
Qxe6+ Kf8 21. Qf5+ Kg7 22. Ne5 Nxe5 23. Qxe5+ Kh7 24. Qxe4+ Kg7 25. Bg3 $18)
19... Qb6 (19... hxg5 20. Bxg5 f6 21. exf6 $18) 20. Nxe4 Qxd6 21. Nxd6+ Kf8 22.
f4 Nb6 23. O-O Rg8 24. f5 Nc4 25. Nxc4 Rg4 26. Bf6 {
1-0 Petursson,M-Halasz,T/Naestved op 1988 (26)}) (11. e4 cxd4 12. exd5 (12.
Qxd4 Nxc3 (12... N5f6 13. Bc4 e5 14. Qe3 O-O (14... Ng4 15. Qe2 Nb6 16. Bb3 O-O
17. h3 Nf6 18. Bxf6 gxf6 19. Nh4 $16) 15. O-O Bxc3 16. Rxc3 b5 17. Ra3 Qb4 18.
Bb3 Bb7 19. Bxf6 Nxf6 20. Nxe5 Qxe4 $11) 13. bxc3 Ba3 14. Qxg7 $18) 12... dxc3
13. bxc3 Ba3 14. dxe6 fxe6 (14... Bxc1 15. exd7+ Bxd7 16. Qxc1 Rc8 17. Bd3 Rxc3
18. Qe3+ Be6 19. O-O O-O 20. Qe4 $16) 15. Rd1 O-O 16. Be2 Nc5 $132) 11... cxd4
(11... b6 12. O-O O-O 13. e4 (13. a3 Bxc3 14. bxc3 Bb7 (14... Ba6 15. Bxa6 Qxa6
16. e4 N5f6 17. e5 Nh7 (17... Nd5 18. c4 Nc7 19. Be7)) 15. Qb2 Rfc8 16. Nd2
cxd4 17. cxd4 Ba6) 13... cxd4 14. exd5 dxc3 15. bxc3 Ba3 16. dxe6 Bxc1 17.
exf7+ Rxf7 18. Rxc1 Nf8) 12. exd4 O-O (12... b6 13. O-O O-O 14. Qc2 (14. a3
Bxc3 15. bxc3 Bb7 16. Be4 f5 17. Bxd5 Bxd5 18. c4 (18. Be7 Rfc8 19. Bb4 Qa4 20.
Qf4 Qc6 21. Rfe1 Bxf3 22. gxf3 a5 23. Be7 b5 $15) 18... Bxf3 19. Qxa5 bxa5 20.
gxf3 g5 $17) 14... Bb7 $11) 13. O-O b6 14. a3 $6 (14. Bb1 $142 Ba6 15. Qc2 g6 (
15... f5 $2 16. Nxd5 Qxd5 17. Rfd1 Bb7 (17... Rac8 18. Qa4 Qb5 19. Qb3 $18) 18.
Bg3 a5 19. a3 Rac8 20. Qe2 Be7 21. b4 $5 (21. Bd3 $5 Kh8 22. Bc4 Qe4 23. Qxe4 (
23. Qf1 Bd5 24. Bb5 $16) 23... fxe4 24. Nh4 Rf6 25. Be5 $16) 21... axb4 22.
axb4 Ra8 23. Bd3 Rf6 (23... Ra2 24. Qf1 $18) (23... Kh7 24. Rc7 $16) 24. Rc7
$18 {1-0 Polugaevsky,L-Janosevic,D/Amsterdam 1970/Inf 10 (27)}) 16. Nxd5 Qxd5
17. Rfd1 Rac8 18. Qa4 Qb5 $11) 14... Bxc3 15. bxc3 Bb7 16. Be4 $6 (16. Bb1 $5
N5f6 $1 {I'm sure, this move provedes to Black good position.} (16... Qxa3 $2
17. c4 N5f6 18. d5 $1 {After this very strong move White's cascade of
cacrifices makes Attack quite dangerous} exd5 19. Nd4 $1 Rfe8 20. Nf5 Re6 (
20... Ba6 21. Rc3 Qf8 22. Rg3 Bxc4 23. Qxh6 (23. Rxg7+ Qxg7 24. Nxg7 Kxg7 25.
Rc1 Rac8 (25... Re2 26. Qd4 $16) 26. Bf5 $14) 23... g6 24. Bxf6 Qxh6 25. Nxh6+
Kf8 $17) 21. Rc3 Qa5 22. Nxg7 (22. Nxh6+ gxh6 23. Rg3+ Kf8 24. Qxh6+ {This game
}) 22... Kxg7 23. Rg3+ Kf8 24. Qxh6+ Ke7 25. Bf5 d4 26. Bxe6 Kxe6 27. Rg5 (27.
Rd3 Rg8 28. f3 Rg6 29. Qf4 $132) 27... Qc3 28. f3 d3 29. Re1+ Kd6 30. Bg3+ $1 (
30. Rf5 $2 Rg8 31. Qf4+ Kc6 32. Rd1 (32. g4 $5 $40) 32... Rg6 $132 {
0-1 Vegh,E-Pinter,J/Budapest 1986 (54)}) 30... Kc6 31. Rd5 Qxc4 32. Rxd7 $18))
16... f5 $1 17. Bxd5 $2 $17 (17. Bb1 $8 Qxa3 18. Rfe1 Qd6 (18... Rfc8 19. c4
Nc7 20. d5 Nc5 21. Nd4 $16) 19. Ba2 (19. c4 N5f6 (19... Nc7 20. Ne5 (20. c5
bxc5 21. dxc5 Qxd2 22. Nxd2 Bd5 23. Be7 Rfc8 24. Bd3 a5 25. Nc4 Na6 26. Nxa5
Naxc5 27. Bb5 $15) 20... Nxe5 21. Rxe5 $44) 20. Bg3 Qc6 21. d5 exd5 22. Nd4 $1
$16)) 17... Bxd5 18. Be7 (18. c4 Bxf3 19. Qxa5 bxa5 20. gxf3 g5 $19) 18... Rf7
19. Bb4 Qa4 20. c4 (20. Qf4 a5 21. Bd6 Qc6 22. c4 Bxc4 (22... Bxf3 $2 23. Qxf3
Qxf3 (23... Qxd6 $2 24. Qxa8+ $18) 24. gxf3 $14) 23. Rfe1 Qd5 24. Ne5 Nxe5 25.
dxe5 b5 $17) 20... Bxf3 21. gxf3 a5 22. Bd6 Qc6 23. c5 (23. Bf4 Qxf3 24. Rc3
Qh5 25. Re1 Rf6 $17) 23... Qxf3 24. c6 Nf6 25. Qa2 $2 $19 (25. Qf4 Qd5 26. f3
Rc8 27. Qe5 Qxe5 (27... Ne8 $2 28. Qxd5 exd5 29. Be5 Re7 30. Rc2 Re6 31. c7 Kf7
32. Rb1 Ke7 33. Rb5 $14) 28. Bxe5 Nd5 29. Rf2 b5 30. Rb2 b4 31. axb4 axb4 32.
Kf2 Ra7 $17) 25... Nd5 26. Be5 (26. Rfe1 Rf6 $19) 26... Rf6 $1 27. Rfe1 (27.
Bxf6 Nf4 $19) 27... Rg6+ 28. Kf1 Qd3+ 29. Re2 Qh3+ 30. Ke1 Rg1+ 31. Kd2 Rxc1
0-1

[Event "Elista ol (Men)"]
[Site "Elista"]
[Date "1998.10.09"]
[Round "10"]
[White "Oll, Lembit"]
[Black "Nikolic, Predrag"]
[Result "1/2-1/2"]
[WhiteElo "2650"]
[BlackElo "2640"]
[PlyCount "155"]
[EventDate "1998.09.29"]
[EventType "swiss ()"]
[EventRounds "13"]
[EventCountry "RUS"]
[Source "ChessBase"]
[SourceDate "1998.11.06"]
[WhiteTeamCountry "EST"]
[BlackTeamCountry "CZE"]

1. d4 Nf6 2. c4 e6 3. Nf3 Bb4+ 4. Bd2 Qe7 5. g3 O-O 6. Bg2 Bxd2+ 7. Qxd2 d6 8.
Nc3 e5 9. O-O Bg4 10. dxe5 dxe5 11. Nd5 Nxd5 12. cxd5 Nd7 13. e4 Nf6 14. Qe3
Bxf3 15. Bxf3 Rfd8 16. Rac1 Rd6 17. Qa3 Ne8 18. Rc3 Kf8 19. Rfc1 Rb6 20. Rc5
Rd8 21. Be2 a6 22. b4 Rdd6 23. b5 axb5 24. Bxb5 c6 25. dxc6 bxc6 26. Bc4 g6 27.
Qa5 Qd8 28. Rxe5 Nf6 29. Qa3 Kg7 30. Qc3 Rd4 31. Bb3 c5 32. Qxc5 Nxe4 33. Qe7
Qxe7 34. Rxe7 Rf6 35. Rcc7 Nd6 36. Rcd7 Re4 37. Bd5 Rb4 38. Re2 Nf5 39. Kg2 Rd4
40. Rc2 h5 41. h4 Rd3 42. Rb2 Rd4 43. Kh3 Kf8 44. Kh2 Kg8 45. Kg1 Kf8 46. Rb8+
Kg7 47. Rdd8 Nh6 48. Bb3 Re4 49. Rd2 Ng4 50. Kg2 Re5 51. Bd1 Ref5 52. Rbb2 Ra6
53. Rd4 Ra3 54. Bb3 Ra6 55. Rd5 Rff6 56. Rbd2 Rac6 57. R5d4 Rc1 58. Rd6 Rf5 59.
R6d3 Rc7 60. Bd1 Nf6 61. Rd4 Rc1 62. Bc2 Re5 63. Bb3 Ng4 64. Rd5 Re6 65. R5d3
Re5 66. a4 Rb1 67. Rd1 Rb2 68. R1d2 Rb1 69. Rf3 Re7 70. Ba2 Ra1 71. a5 f5 72.
a6 Ree1 73. Rc3 Ne5 74. f3 Rg1+ 75. Kf2 Rgf1+ 76. Kg2 Rg1+ 77. Kf2 Rgf1+ 78.
Kg2 1/2-1/2

[Event "EU-Cup 14th"]
[Site "Belgrade"]
[Date "1999.01.11"]
[Round "1"]
[White "Anand, Viswanathan"]
[Black "Oll, Lembit"]
[Result "1-0"]
[WhiteElo "2795"]
[BlackElo "2650"]
[Annotator "Tyomkin,D"]
[PlyCount "77"]
[EventDate "1999.01.11"]
[EventType "team"]
[EventRounds "3"]
[EventCountry "YUG"]
[Source "ChessBase"]
[SourceDate "1999.04.01"]
[WhiteTeamCountry "EST"]
[BlackTeamCountry "CZE"]

{That was the best game of the event.There was a great tactical fight where
Anand was on top.This game is from kind of games that any analyse can not be
final.I just tried to understand what was happened in this game,and my analyse,
of course, can be improved.  In addition this game is very interesting because
of various balances of pieces which happened in the game and variations,and
always difficult to evaluate them.I used some analysing engines to check my
analyses,(I ask excuse from readers,but they calculate quicker then me!)but
they were confused not once in evaluations.  Wedberg: 'This is a facinating
struggle with a very intense middle game based only on tactics. Anand manages
to walk through the mine field Oll is laying on the board without beeing blown
away.'} 1. e4 {Wedberg} e5 2. Nf3 Nc6 3. Bb5 a6 4. Ba4 Nf6 5. O-O b5 6. Bb3 Bc5
7. a4 Rb8 8. c3 d6 9. d4 Bb6 10. Na3 O-O 11. axb5 axb5 12. Nxb5 {Wedberg: 'Whit
e is a P up, so Black is forced to demonstrate some kind of counterplay or
compensation.'} exd4 {'N' Wedberg.} (12... Bg4 {
Wedberg was the main line here, but} 13. Re1 $1 (13. Bc2 d5 $13 {
Topalov,V-Shirov,A/Wijk 1996/CBM 51/[Shirov]/1/2-1/2 (53)}) (13. Be3 exd4 14.
cxd4 Nxe4 15. Bd5 Qe8 16. h3 (16. Qc2 Bxf3 $1 17. Bxc6 Qe6 18. gxf3 Qg6+ $11)
16... Bf5 17. Re1 Nb4 18. Bc4 c6 19. Na3 d5 $11 {
1-0 Nijboer,F-Piket,J/Wijk aan Zee 1998/CBM 63 (36)}) 13... Bxf3 14. gxf3 Nh5
15. Kh1 $16 {gave White a clear advantage in Svidler,P-Shirov,A/Linares 1998/
CBM 64/[Svidler] (37)}) 13. cxd4 Bg4 14. Re1 $5 $146 {Interesting novelty in
modern variation of Spanish,which can turn the evoluation of the variation.
After 14.Bc2 was proved that white has no advantage.} (14. Bc2 d5 15. Bg5 (15.
e5 Ne4 16. Be3 f6 $44 {1/2-1/2 Morozevich,A-Georgiev,K/Porz GER 1998 (63)})
15... Bxf3 16. Qxf3 Bxd4 17. exd5 Qxd5 18. Qxd5 {
1/2-1/2 Almasi,Z-Piket,J/Groningen NED 1998 (18)}) 14... d5 {
Wedberg: 'Oll wants to clearify the situation in the centre.'} (14... Nxd4 {
Black had chance to take back the pawn,but continue for initiative,like
after14.Bc2.} 15. Nbxd4 Bxd4 16. h3 (16. Bxf7+ Rxf7 17. Qxd4 Bxf3 18. gxf3 Nh5
{and Black has a counterplay.}) 16... Bxf3 17. Qxf3 {pherhaps Anand knew about
this position,when he played 14.Re1(this move,of course,the result of home
preparation)and hoped to get some advantage here with the pair of bishops,and
active pieces.}) 15. exd5 (15. e5 Ne4 $44) 15... Nxd5 16. h3 Bh5 17. g4 {
'!' Wedberg.  White should play this way,because black threatened to take
on-d4(without capturing on-f3).} (17. Nc3 {Wedberg} Bxf3 18. gxf3 (18. Qxf3
Nxd4 19. Qxd5 Nxb3 20. Qxb3 $2 Bxf2+ $19) 18... Ncb4 $132) 17... Bg6 18. Nc3
Ndb4 {/\ Nd3} 19. Bg5 Qd7 {White has pawn up,but the compensation of black is
clear-kingside of white is vulnerable,black pieces are very active.} (19... Qd6
20. Ne4 (20. Ne4 {Wedberg} Bxe4 21. Rxe4 Qg6 22. Rf4 $16)) 20. d5 Qd6 $2 {
/\ Qg3 Logical,but wrong,because of next perfect reply of Anand.#} (20... Na5
$1 21. Ba4 (21. Ne5 Qd6 22. Ba4 (22. Rxa5 Bxa5 23. Be7 Qxe7 24. Nxg6 Qxe1+ 25.
Qxe1 hxg6 {and that is not clear how white can use uncomfortable places of
black soft pieces.} 26. Ne4 (26. Bc4 Nc2) 26... Nc6 $1) 22... Nd3 $1) 21... Qd6
$36 {black has clear compensation for the pawn:} 22. Ne5 Nd3 $1) 21. Kf1 $3 {
That is the only and best move for white.Anand wards off threats of black like
Fritz!} (21. dxc6 $2 Qg3+ 22. Kh1 Qxh3+ 23. Nh2 Nd3 $40 {'|^' Wedberg.}) (21.
Kg2 Nd3 22. dxc6 Bxf2 $1 (22... Nxe1+ 23. Nxe1 (23. Qxe1 Bxf2) 23... Qxc6+ 24.
Bd5 $16)) 21... Na5 22. Be7 Qf4 {'!?' Wedberg.} 23. Rxa5 $1 {
Again Anand choose the best.} (23. Bxf8 Nxb3 24. Bxb4 Nxa1 {'<=>' Wedberg.}) (
23. Ra4 $5 Nxb3 24. Bxb4 Rfe8 {still nothing clear.}) 23... Bxa5 24. Re3 $3 {
'!' Wedberg.  Much better than to take on f8 immediatly.} Bb6 (24... Rfe8 25.
d6 $1 (25. Ne2 Qh6 26. Kg2 Nd3) (25. d6 {Wedberg} Qh6 26. Kg2 Nd3 27. d7 $18))
25. Ne2 Qh6 26. Kg2 {Wedberg: 'Anand is weawing a net around the Black Q.'}
Bxe3 27. g5 Qxh3+ $1 {Queen sacrifice which leads to very complicative
position,were black has 2 rooks for queen and knight,but the initiative of
black is very dangerous.} (27... Bxg5 28. Bxg5 Bc2 29. Bxc2 Qa6 {again very
d to give evoluation to this position with very unusual material(3 light
pieces against 2 rooks),but white has good chances to attack the black king.
All programs evaluated this position like black is better,but in my opinion
the advantage on white's side.}) (27... Qh5 {Wedberg} 28. Ng3 $18) 28. Kxh3 Nd3
29. Qa1 $1 {The best place for the queen-in the corner!} Nxf2+ 30. Kg2 Rfe8 (
30... Rxb3 31. Bxf8 Kxf8 32. Ned4 $1 $18) 31. Qa3 {
Wedberg: 'White protects his pieces and keeps the advantage.'} Nd3 32. Nc3 $2 (
32. Ba4 $1 Rxb2 $1 (32... Bc5 33. Bxc5 Rxe2+ 34. Kg3 $16 Rbxb2 $140 35. Bc2 $1)
33. Qxb2 (33. Bxe8 $2 Rxe2+ 34. Kg3 Bf4+ 35. Kg4 Rg2+ $19) 33... Nxb2 34. Bxe8
$16) 32... Bc1 33. Nd1 Be4 34. Ba4 Ne5 $2 $138 {Black had 3 moves-candidates.
To choose the best black had to calculate "few" variations.Oll was in
time-trouble,and hadn't time to calculate the right move.And another time 34...
Ne5 looks logical,but logic doesn't work in crazy  positions like this one.} (
34... Ra8 $142 $1 {
I think that Anand understimated this move,while played 32.Nc3.} 35. Bxe8 (35.
Kg3 Bf4+ 36. Kg4 h5+ 37. gxh6 f5+) 35... Rxa3 36. bxa3 Ne5 $3 {
and black has better ending.} (36... Ne1+ 37. Kf2 Nxf3 38. Nc3 Bxg5 (38... Nd2
39. Ne2 Bxa3 40. Bxa3 Bxd5 $11) 39. Nxe4 Bxe7 40. Kxf3 Bxa3 $11)) (34... Ne1+
35. Kf2 Nxf3 (35... Nd3+ 36. Kf1) 36. Bxe8 Rxe8 37. Qa4 $1) (34... Ra8 $5 {
Wedberg}) 35. Bxe8 Rxe8 36. Kg3 Bxf3 37. Qc3 $1 Bxd1 {
I think that here was the hole in Oll's calculations:} (37... Rxe7 38. d6 $1 {
That's the point!In case of} (38. Qxc1 Bxd5 39. Qc5 Rd7 {black is ok.}) 38...
Re8 39. dxc7 $18) 38. Qxe5 {Look at the way the queen made in this game!} Ba4
39. b4 {/\Qxc7,/\Qa1} 1-0